00940nam a2200277 a 4500999001500000001000500015003000900020005001700029008004100046010001300087020001500100040003700115049000900152082001600161100002900177245009200206260004300298300004500341500003200386650002400418650003800442700002900480700002700509942001200536952011400548 c4937d49374426BD-DhUAP20201124153005.0201124s1995 iaua b 001 0 eng d a94070034 a0697264769 aTxdaPCCcDLCdEQFdBD-DhUAPbeng aEQFA00a572 ZUB2231 aZubay, Geoffrey L.9816310aPrinciples of biochemistry /cGeoffrey L. Zubay, William W. Parson and Dennis E. Vance. aDubuque, Iowa :bWm. C. Brown,cc1995. aix, 129 pages :billustrations ;c29 cm. aStudent study art notebook. 0aBiochemistry.98164 0aBiochemistryxStudy and teaching.1 aParson, William W.981651 aVance, Dennis E.98166 2ddccBK 00102ddc4070aUAPCLbUAPCLcGeneral Stacksd2020-11-24o572 ZUBp3010004426r2020-11-24t1w2020-11-24yBK